000 00716nam a2200217 a 4500
001 000002618
005 20260116073830.0
008 090703s2009 dr 001 0 spa d
020 _a9789945860276
040 _aDO-SdBNP
_bspa
_cBNPHU
082 _a158.1
_bR758r
100 1 _aRomán, Rafael Antonio,
_d1963-
_98253
245 1 0 _aReflexiones /
_cRafael Antonio Román ; prólogo Carlos de los Ángeles.
260 _aSanto Domingo :
_bCuesta-Veliz Ediciones,
_c2009.
300 _a164 p. ;
_c21 cm.
650 0 _aAutorrealización (Psicología)
_9211
650 4 _aConsejería
_98254
650 0 _aAutoestima
_9212
700 1 _aÁngeles, Carlos de los,
_epról.
_9214
910 _aValidado. Control de calidad BNPHU
999 _c2454
_d2454